Garden of Medicines

Bibliographic Details
Main Author: Shrestha, Kedar (Author)
Other Authors: Berger, Alisha (Translator), Bohaju, Narayan Prasad (Illustrator)
Format: Book
Language:English
Published: Malaysia : Edu Apps (Mal) Sdn. Bhd. 2021
Series:Let me read to you
Subjects:

MARC

LEADER 00000cam a2200000 7i4500
001 0000140702
005 20220620.0
008 210520t20212021my a p 0 f engod
020 |a 9789672304678 
040 |a PERPUSTAM   |b eng   |c PERPUSTAM   |e rda 
090 0 0 |a J 823.92   |b SHR 
100 1 |a Shrestha, Kedar ,   |e author 
245 1 0 |a Garden of Medicines   |c Kedar Shrestha; Illustrator: Narayan Prasad Bohaju; Translator: Alisha Berger 
264 1 |a Malaysia :   |b Edu Apps (Mal) Sdn. Bhd.   |c 2021 
264 4 |c ©2021 
300 |a 18 pages :   |b colour illustrations ;   |c 21 cm. 
336 |a text  |2 rdacontent 
337 |a unmediated  |2 rdamedia 
338 |a volume  |2 rdacarrier 
490 1 |a LET ME READ TO YOU 
650 1 0 |a Children's stories, English   |z Malaysia 
650 2 0 |a Children's stories, Malaysian (English) 
700 1 |a Berger, Alisha ,   |e translator 
700 1 |a Bohaju, Narayan Prasad ,   |e illustrator 
830 0 |a Let me read to you 
999 |a 0000726818   |b Buku   |c Koleksi Pinjaman Kanak-Kanak   |e Perbadanan Perpustakaan Awam Melaka 
999 |a 0000726819   |b Buku   |c Koleksi Pinjaman Kanak-Kanak   |e Perbadanan Perpustakaan Awam Melaka 
999 |a 0000726820   |b Buku   |c Koleksi Pinjaman Kanak-Kanak   |e Perbadanan Perpustakaan Awam Melaka 
999 |a 0000726821   |b Buku   |c Koleksi Pinjaman Kanak-Kanak   |e Perpustakaan Cawangan Jasin 
999 |a 0000726822   |b Buku   |c Koleksi Pinjaman Kanak-Kanak   |e Perpustakaan Cawangan Masjid Tanah 
999 |a 0000726823   |b Buku   |c Koleksi Pinjaman Kanak-Kanak   |e Perpustakaan Cawangan Merlimau 
999 |a 0000726824   |b Buku   |c Koleksi Pinjaman Kanak-Kanak   |e Perpustakaan Komuniti UTC Melaka 
999 |a 0000726825   |b Buku   |c Koleksi Pinjaman Kanak-Kanak   |e Perbadanan Perpustakaan Awam Melaka 
999 |a 0000726826   |b Buku   |c Koleksi Pinjaman Kanak-Kanak   |e Perbadanan Perpustakaan Awam Melaka